000 01577nam a22003977a 4500
003 CHAP
005 20220329143221.0
008 070327d2006 mx d r 00110 spa d
010 _a93439
011 _a94411
035 _a105001
040 _cCHAP
090 _aTesis
100 1 _aVenosa Duarte, Zandra
_9118730
245 1 0 _aEfecto de diferentes niveles de Torula sacaris sobre consumo de alimento, ganancia de peso y conversión alimenticia de cerdos en desarrollo en condiciones de tropico seco
_c/por Zandra Venosa Duarte
260 _aCocula, Gro. :
_bEl autor,
_c2006
300 _a35 h. :
_bcuadros
502 _aTesis (Ing. Agr. Zootecnista) -- Colegio Superior Agropecuario del Estado de Guerrero. Centro de Estudios Profesionales
590 _aALEPH
_b10
_c20130110
_lUCH01
_h1517
590 _aBATCH-UPD
_b10
_c20130110
_lUCH01
_h0525
590 _aBATCH-UPD
_b10
_c20130110
_lUCH01
_h2158
590 _aBATCH-UPD
_b10
_c20130410
_lUCH01
_h0205
590 _aBATCH-UPD
_b10
_c20130914
_lUCH01
_h0233
590 _aCONVERSION
_b10
_c20130109
_lUCH01
_h1352
650 1 4 _aAlimentos y alimentación del ganado
_xTrópicos.
_94346
650 1 4 _aGanado porcino
_xAlimentación.
_945329
650 1 4 _aGanado porcino
_xCrecimiento.
_945349
650 1 4 _aGanado porcino
_xPeso.
_945396
650 1 4 _aGanado porcino
_xTrópicos.
_945413
650 1 4 _aLevaduras en alimentación animal.
_966404
650 1 4 _aTorula.
_9114338
901 _aBK
905 _aMarco A. Mendoza T.
942 _cTESIS
949 _aTesis
_bBC
_cTES
_d33724002024371
_eTS1
_gDonaciØn
_h46654
_i105001
_sb
999 _c93439
_d93439